000 00511nam a2200181Ia 4500
005 20250326142840.0
008 250326s9999 xx 000 0 und d
037 _aTextbook
040 _aFMSL
_beng
_cFMSL
041 _aeng
_2eng
084 _aX:57 M2
_qFMSL
100 _aChaudhuri B K
_9510976
245 0 _aFice of foreign trade and foreign Exchange
_cChaudhuri B K
260 _aHimalaya
_bHimalaya, Pub. House
_c1982
300 _a763p
942 _cTB
_hX:57 M2
999 _c1296923
_d1296923